[Event "Mukachevo Rating 29th"]
[Site "Mukachevo"]
[Date "2016.02.04"]
[Round "3"]
[White "Pribek, Tiberiy"]
[Black "Fastovets, Arsen"]
[Result "1/2-1/2"]
[WhiteElo "1568"]
[BlackElo "1601"]
[PlyCount "82"]
[EventDate "2016.02.03"]
[EventType "swiss"]
[EventRounds "9"]
[EventCountry "UKR"]
[SourceTitle "CBM 170 Extra"]
[Source "ChessBase"]
[SourceDate "2016.02.25"]
[SourceVersion "1"]
[SourceVersionDate "2016.02.25"]
[SourceQuality "1"]

1. e4 d5 2. e5 c5 3. f4 Bf5 4. Nf3 Nc6 5. c3 e6 6. Bb5 Qb6 7. Qa4 Nh6 8. d4 a6 9. Bxc6+ Qxc6 10. Qxc6+ bxc6 11. 0-0 Rb8 12. Nbd2 cxd4 13. Nxd4 c5 14. Nxf5 Nxf5 15. Nf3 Be7 16. g3 0-0 17. Rb1 Rb7 18. g4 Nh6 19. h3 Rfb8 20. Rf2 c4 21. Rg2 Ba3 22. Kf1 a5 23. Nd4 Rb6 24. f5 a4 25. fxe6 fxe6 26. Bxh6 gxh6 27. Rf2 Bxb2 28. Ne2 Ba3 29. Rxb6 Rxb6 30. Rf6 Rb2 31. Rxe6 Rxa2 32. Ra6 Bf8 33. Ra5 a3 34. Rxd5 Rc2 35. Ra5 a2 36. Ra8 Kf7 37. e6+ Ke7 38. h4 Kd6 39. Ra6+ Ke7 40. Ra7+ Kd6 41. Ra6+ Ke7 1/2-1/2